[Event "ICS Rated standard match"]
[Site "204.178.125.65"]
[Date "2000.05.27"]
[Round "?"]
[White "Amateur"]
[Black "Hossa"]
[Result "1/2-1/2"]
[WhiteElo "2316"]
[BlackElo "2288"]
[PlyCount "278"]
[EventDate "2000.??.??"]

1. Nf3 Nf6 2. g3 d5 3. Bg2 Bf5 4. O-O e6 5. c4 Nc6 6. cxd5 exd5 7. Qb3 a6 8. d3
Rb8 9. Nc3 Be7 10. Qa4 O-O 11. Be3 Nb4 12. a3 Nc6 13. Qf4 Bg4 14. d4 Bd6 15.
Ne5 Re8 16. Nxd5 Bxe2 17. Nxc6 Bxf4 18. Nxd8 Nxd5 19. Bxd5 Rbxd8 20. Bxf4 Bxf1
21. Bxb7 Bb5 22. a4 Bd3 23. d5 Rb8 24. Bc6 Rec8 25. Bd7 Rf8 26. Bxc7 Rxb2 27.
d6 Rc2 28. Re1 Rc4 29. Be8 Bf5 30. Bb6 Rb4 31. a5 Rb1 32. Rxb1 Rxe8 33. Rb3 f6
34. Kg2 Kf7 35. Rc3 Ke6 36. Re3+ Kd7 37. Rxe8 Kxe8 38. Kf3 Kd7 39. Kf4 Be6 40.
Bc7 Kc6 41. h4 g6 42. g4 h6 43. Kg3 Kd7 44. h5 g5 45. f4 Bd5 46. fxg5 fxg5 47.
Bb6 Kxd6 48. Bd4 Ke7 49. Bg7 Kf7 50. Bxh6 Kf6 51. Bf8 Be4 52. Bd6 Kf7 53. Be5
Ke7 54. Bc7 Bd5 55. h6 Bg8 56. Be5 Kf7 57. Bg7 Kg6 58. Kh2 Be6 59. Kh3 Bc4 60.
Kg2 Be2 61. Kh3 Bc4 62. Kh2 Be6 63. Kg3 Bg8 64. Kg2 Bc4 65. Kf3 Bd5+ 66. Kf2
Be6 67. Kf3 Bd5+ 68. Ke3 Be6 69. Ke4 Bxg4 70. Ke3 Bd1 71. Kd2 Bg4 72. Bf8 Bf3
73. Kd3 Bd1 74. Ke3 Bg4 75. Ke4 Be2 76. Ke3 Bg4 77. Kf2 Bf5 78. Kf3 Kf7 79. Bg7
Kg6 80. Ke3 Kh5 81. Kd4 Kg6 82. Kc3 g4 83. Kd2 g3 84. Ke2 g2 85. Bd4 Be4 86.
Be3 Kh5 87. h7 Bxh7 88. Kf3 Kg6 89. Kxg2 Kf6 90. Bb6 Ke6 91. Kf3 Kd5 92. Kg4
Bd3 93. Bd8 Kc6 94. Bb6 Kb5 95. Kf4 Bc4 96. Ke4 Kb4 97. Ke5 Bd3 98. Kd5 Kb5 99.
Bd8 Bc4+ 100. Kd6 Bf7 101. Bc7 Bb3 102. Bb6 Bc2 103. Kd7 Bd3 104. Kd6 Be4 105.
Ke5 Bf3 106. Kf5 Kb4 107. Kf4 Bd5 108. Ke5 Bc4 109. Ke4 Kb5 110. Kd4 Bb3 111.
Ke5 Bc2 112. Kd5 Bh7 113. Bd8 Bb1 114. Bb6 Bf5 115. Bc7 Bh3 116. Bb6 Bg4 117.
Bd8 Bf3+ 118. Kd6 Be4 119. Bc7 Bg2 120. Bb6 Bb7 121. Ke7 Be4 122. Kd6 Bf5 123.
Ke5 Bd7 124. Kd6 Bg4 125. Kd5 Bf3+ 126. Kd6 Be2 127. Kd7 Bc4 128. Kd6 Bd3 129.
Kd5 Bg6 130. Bc7 Be8 131. Bb6 Bc6+ 132. Kd6 Bg2 133. Bd8 Kb4 134. Bb6 Be4 135.
Ke5 Bf3 136. Kf5 Kb5 137. Ke5 Ka4 138. Kf4 Be2 139. Ke5 Bd3 1/2-1/2

[Event "ICS rated standard match"]
[Site "204.178.125.65"]
[Date "2000.05.27"]
[Round "?"]
[White "gloc"]
[Black "Hossa"]
[Result "0-1"]
[WhiteElo "2092"]
[BlackElo "2289"]
[PlyCount "58"]
[EventDate "2000.??.??"]

1. e4 e5 2. Nc3 Nc6 3. g3 Nf6 4. Bg2 Bb4 5. Nge2 O-O 6. O-O d6 7. d3 Bg4 8. h3
Be6 9. a3 Ba5 10. f4 Qc8 11. f5 Bb6+ 12. Kh2 Bd7 13. g4 h6 14. Ng3 a6 15. h4
Qd8 16. g5 Nh7 17. Qh5 hxg5 18. hxg5 Nd4 19. f6 gxf6 20. g6 fxg6 21. Qxg6+ Kh8
22. Nd5 Nxc2 23. Nh5 Rg8 24. Qh6 Nxa1 25. Ndxf6 Qe7 26. Nxd7 Qxd7 27. Nf6 Rxg2+
28. Kxg2 Qg7+ 29. Qxg7+ Kxg7 {gloc resigns} 0-1

[Event "ICS rated standard match"]
[Site "204.178.125.65"]
[Date "2000.05.27"]
[Round "?"]
[White "Hossa"]
[Black "gloc"]
[Result "1-0"]
[WhiteElo "2292"]
[BlackElo "2070"]
[PlyCount "35"]
[EventDate "2000.??.??"]

1. e4 e6 2. Nc3 d5 3. exd5 exd5 4. Nf3 Nf6 5. d4 c6 6. Bd3 Bd6 7. O-O O-O 8.
Re1 Re8 9. Rxe8+ Qxe8 10. Bg5 Nbd7 11. Qd2 h6 12. Re1 Qf8 13. Bf4 b6 14. Bf5
Bb7 15. Ne5 Re8 16. Bxd7 Nxd7 17. Nxd7 Bxf4 18. Nxf8 {gloc resigns} 1-0

[Event "ICS rated blitz match"]
[Site "204.178.125.65"]
[Date "2000.05.27"]
[Round "?"]
[White "QueenMaxima"]
[Black "Hossa"]
[Result "0-1"]
[WhiteElo "2466"]
[BlackElo "2468"]
[PlyCount "176"]
[EventDate "2000.??.??"]

1. d4 Nf6 2. c4 e6 3. Nf3 b6 4. Nc3 Bb7 5. a3 d5 6. cxd5 Nxd5 7. Qc2 Nxc3 8.
bxc3 Bd6 9. e4 Nc6 10. Bd3 e5 11. Bb5 a6 12. Bxc6+ Bxc6 13. dxe5 Bc5 14. O-O
O-O 15. Re1 Qd7 16. a4 Rfe8 17. a5 bxa5 18. Rxa5 Bb5 19. Rd1 Qc6 20. Ra2 Qe6
21. Bg5 Bc4 22. Rb2 Rab8 23. Rxb8 Rxb8 24. Qd2 Qc6 25. Be3 Be7 26. Ba7 Ra8 27.
Qd7 Qxd7 28. Rxd7 Rd8 29. Rxd8+ Bxd8 30. Nd2 Bd3 31. f3 Bg5 32. Nb3 Bc4 33. Na5
Bd3 34. Bb8 Be3+ 35. Kh1 c5 36. Nc6 Kf8 37. Bd6+ Ke8 38. Ne7 Bf2 39. Nf5 g6 40.
Nh6 Be1 41. Bxc5 Bxc3 42. Bd6 Bd2 43. Ng4 Bg5 44. Nf2 Be2 45. Bc5 Kd7 46. Nh3
Bd2 47. Ng1 Bc4 48. Bd4 a5 49. Nh3 a4 50. Bc5 Bc1 51. Nf2 Bb2 52. Ng4 Kc6 53.
Bf8 a3 54. Bxa3 Bxa3 55. Nf6 h5 56. Kg1 Bc5+ 57. Kh1 h4 58. h3 Bf2 59. Ng4 Bg3
60. Ne3 Kc5 61. Ng4 Be6 62. Kg1 Bxg4 63. hxg4 Kd4 64. Kf1 Ke3 65. g5 Bxe5 66.
Ke1 Bg3+ 67. Kf1 Kd2 68. f4 Bxf4 69. Kf2 Bxg5 70. Kf3 Kd3 71. Kg4 Kxe4 72. Kxg5
Ke5 73. Kxh4 Kf4 74. Kh3 g5 75. Kh2 g4 76. Kg1 g3 77. Kf1 Ke3 78. Ke1 Kd3 79.
Kd1 f5 80. Kc1 f4 81. Kb2 f3 82. Kb3 fxg2 83. Kb4 g1=Q 84. Kb5 Qc1 85. Kb4 Qc6
86. Ka5 Qb7 87. Ka4 Kc4 88. Ka5 Qa7# 0-1

[Event "ICS rated standard match"]
[Site "204.178.125.65"]
[Date "2000.05.27"]
[Round "?"]
[White "Hossa"]
[Black "gloc"]
[Result "1-0"]
[WhiteElo "2298"]
[BlackElo "2040"]
[PlyCount "58"]
[EventDate "2000.??.??"]

1. e4 e6 2. Nc3 d5 3. exd5 exd5 4. Nf3 Nf6 5. d4 Bd6 6. Bg5 c6 7. Bd3 O-O 8.
Ne2 Nbd7 9. O-O Re8 10. Ng3 h6 11. Bh4 g5 12. Nf5 Bf8 13. Bg3 Ne4 14. Qc1 Ndf6
15. Ne3 Nxg3 16. fxg3 Ne4 17. Ne5 f6 18. Nf3 f5 19. c4 Bg7 20. cxd5 cxd5 21.
Nxd5 Be6 22. Ne3 Rc8 23. Qe1 Bxd4 24. Rd1 Qb6 25. Nxd4 Qxd4 26. Bb5 Qxb2 27.
Bxe8 Rxe8 28. Qa5 f4 29. Rd8 Bf7 {gloc resigns} 1-0

[Event "ICS rated blitz match"]
[Site "204.178.125.65"]
[Date "2000.05.27"]
[Round "?"]
[White "Hossa"]
[Black "Amateur"]
[Result "0-1"]
[WhiteElo "2484"]
[BlackElo "2598"]
[PlyCount "104"]
[EventDate "2000.??.??"]

1. e4 e5 2. Nf3 Nc6 3. Bb5 a6 4. Bxc6 dxc6 5. Nc3 f6 6. d3 Bb4 7. a3 Bxc3+ 8.
bxc3 Ne7 9. Nd2 O-O 10. O-O Be6 11. f4 Qd6 12. Rb1 b5 13. fxe5 fxe5 14. Nf3 Bg4
15. Qd2 Bxf3 16. gxf3 Ng6 17. Qg2 Nf4 18. Bxf4 Rxf4 19. Qg5 Raf8 20. Kh1 Rxf3
21. Rxf3 Rxf3 22. Qg4 Qf8 23. Rg1 Rf2 24. Rg2 Rf1+ 25. Rg1 h6 26. Qh3 Rf2 27.
d4 Qf6 28. Qh5 exd4 29. cxd4 Rxc2 30. e5 Qe6 31. Qf3 Rd2 32. Rf1 Rxd4 33. Qf8+
Kh7 34. Qf3 Qxe5 35. Rg1 Qd5 36. Qxd5 cxd5 37. Rb1 c5 38. Rc1 c4 39. Kg1 Rd2
40. Rf1 c3 41. Rf3 d4 42. Rf5 c2 43. Rc5 d3 44. h4 Re2 45. Kf1 d2 46. Kxe2
d1=Q+ 47. Kf2 Qd4+ 48. Ke2 Qxc5 49. h5 c1=Q 50. Kf3 Qf1+ 51. Kg3 Qff2+ 52. Kh3
Qcf5# {Hossa checkmated} 0-1

[Event "ICS rated standard match"]
[Site "204.178.125.65"]
[Date "2000.05.27"]
[Round "?"]
[White "Tinker"]
[Black "Hossa"]
[Result "1-0"]
[WhiteElo "2366"]
[BlackElo "2314"]
[PlyCount "83"]
[EventDate "2000.??.??"]

1. e4 c6 2. d4 d5 3. e5 c5 4. dxc5 Nc6 5. Nf3 Bg4 6. Bb5 e6 7. b4 a6 8. Ba4 a5
9. a3 f6 10. O-O fxe5 11. b5 Nd4 12. b6+ Nc6 13. h3 Bxf3 14. Bxc6+ bxc6 15.
Qxf3 Nf6 16. Be3 Kf7 17. Nd2 Be7 18. Qg3 e4 19. Rfb1 Rf8 20. b7 Rb8 21. Bf4
Bxc5 22. Bc7 Qe8 23. Nb3 Bxf2+ 24. Qxf2 Rxb7 25. Bd6 Rh8 26. Nxa5 Rb5 27. Rxb5
cxb5 28. Qc5 Qa8 29. Qc7+ Kg6 30. Nc6 h6 31. Be5 Rf8 32. Qd6 Re8 33. Rf1 Qa4
34. Bxf6 Kh7 35. Bxg7 Rg8 36. Bd4 Rg7 37. Qf8 Qxd4+ 38. Nxd4 h5 39. Nxe6 Rg8
40. Qf7+ Kh6 41. Rf6+ Rg6 42. Rxg6# {Hossa checkmated} 1-0

[Event "ICS rated standard match"]
[Site "204.178.125.65"]
[Date "2000.05.27"]
[Round "?"]
[White "Hossa"]
[Black "jossu"]
[Result "1-0"]
[WhiteElo "2300"]
[BlackElo "2212"]
[PlyCount "89"]
[EventDate "2000.??.??"]

1. d4 b6 2. c4 Bb7 3. Nf3 e6 4. Nc3 Bb4 5. a3 Bxc3+ 6. bxc3 Nf6 7. Bg5 h6 8.
Bxf6 Qxf6 9. Nd2 Qg6 10. e3 O-O 11. h4 c5 12. h5 Qf6 13. Rg1 d6 14. g4 Nd7 15.
Bd3 Qh4 16. Nf3 Qh3 17. e4 Nf6 18. Bf1 Qxg4 19. Rxg4 Nxg4 20. Nd2 Nf6 21. Qf3
e5 22. d5 Bc8 23. Bh3 Ba6 24. O-O-O b5 25. Rg1 Kh8 26. cxb5 Bxb5 27. Bf5 Rab8
28. Kc2 Ba4+ 29. Kd3 Bb5+ 30. c4 Ba4 31. Rb1 Rxb1 32. Nxb1 Rb8 33. Nd2 Rb2 34.
Ke2 Rc2 35. Qh1 Rb2 36. Qh3 Ra2 37. f4 exf4 38. Qf3 Ra1 39. Qxf4 Bd1+ 40. Kf2
Ra2 41. Qxd6 Rxd2+ 42. Ke1 Rd4 43. Qxc5 Rd3 44. e5 Rf3 45. exf6 {jossu resigns}
1-0

[Event "ICS rated standard match"]
[Site "204.178.125.65"]
[Date "2000.05.27"]
[Round "?"]
[White "jossu"]
[Black "Hossa"]
[Result "0-1"]
[WhiteElo "2200"]
[BlackElo "2312"]
[PlyCount "56"]
[EventDate "2000.??.??"]

1. d4 Nf6 2. c4 e6 3. Nc3 Bb4 4. Qc2 O-O 5. e4 c5 6. dxc5 Bxc5 7. Bg5 Nc6 8.
Nf3 d6 9. Be2 Bd7 10. O-O Nd4 11. Nxd4 Bxd4 12. Rad1 Bxc3 13. bxc3 Bc6 14. e5
Qa5 15. Bxf6 gxf6 16. exf6 Qg5 17. g3 Rfd8 18. Rd4 Qxf6 19. Rh4 h6 20. Qd2 Kg7
21. Rg4+ Kf8 22. Rh4 Kg7 23. Rf4 Qe7 24. Rg4+ Kh7 25. Rh4 Qxh4 26. Bd3+ f5 27.
Re1 Qf6 28. Qf4 Kg8 {jossu resigns} 0-1

[Event "ICS rated blitz match"]
[Site "204.178.125.65"]
[Date "2000.05.27"]
[Round "?"]
[White "Hossa"]
[Black "PostModernist"]
[Result "1/2-1/2"]
[WhiteElo "2473"]
[BlackElo "2748"]
[PlyCount "124"]
[EventDate "2000.??.??"]

1. d4 Nf6 2. c4 c5 3. d5 g6 4. Nc3 Bg7 5. Nf3 O-O 6. e4 d6 7. Bf4 Qa5 8. Bd2 e6
9. dxe6 Bxe6 10. Be2 Qa6 11. Nd5 Bxd5 12. cxd5 Qb6 13. Qa4 Qxb2 14. O-O b5 15.
Bxb5 Nxe4 16. Rab1 Nc3 17. Bxc3 Qxc3 18. Rfe1 Qf6 19. Bd3 a5 20. Rb7 Na6 21. a3
Kh8 22. Bb5 Nb8 23. Be8 Qf5 24. Qb5 Na6 25. Qc6 Rc8 26. Qxa6 Rfxe8 27. Qxd6
Rxe1+ 28. Nxe1 Bd4 29. Nf3 Re8 30. Rb8 Rxb8 31. Qxb8+ Kg7 32. Qb3 a4 33. Qa2
Qd3 34. h3 Bc3 35. Nh2 Qd1+ 36. Nf1 Qb3 37. Qe2 Qxd5 38. Ne3 Qb3 39. Nc4 Bd4
40. h4 h6 41. h5 gxh5 42. Kf1 Qb1+ 43. Qe1 Qc2 44. Nd6 Qd3+ 45. Qe2 Qxa3 46. g3
Qb2 47. Qf3 f6 48. Qf5 Qa1+ 49. Kg2 Qa2 50. Qd7+ Kh8 51. Nf7+ Kg8 52. Nxh6+ Kf8
53. Qd6+ Ke8 54. Qb8+ Kd7 55. Qb7+ Kd6 56. Nf7+ Ke6 57. Nd8+ Kf5 58. Qh7+ Ke5
59. Qe7+ Kf5 60. Qh7+ Ke5 61. Qe7+ Kf5 62. Qh7+ Ke5 1/2-1/2

[Event "ICS rated blitz match"]
[Site "204.178.125.65"]
[Date "2000.05.27"]
[Round "?"]
[White "PostModernist"]
[Black "Hossa"]
[Result "1/2-1/2"]
[WhiteElo "2731"]
[BlackElo "2484"]
[PlyCount "249"]
[EventDate "2000.??.??"]

1. d4 Nf6 2. c4 c5 3. d5 g6 4. Nc3 Bg7 5. e4 d6 6. h3 O-O 7. Nf3 e6 8. Bd3 Na6
9. O-O exd5 10. cxd5 Re8 11. Re1 Nb4 12. Bf1 Re7 13. Bf4 Nh5 14. Bg5 f6 15. Bc1
f5 16. a3 Na6 17. Bxa6 bxa6 18. Bg5 Bf6 19. Bxf6 Nxf6 20. e5 dxe5 21. Nxe5 a5
22. Nc6 Rxe1+ 23. Qxe1 Qf8 24. Nxa5 Bd7 25. Nc4 Re8 26. Qf1 Bc8 27. Re1 Bb7 28.
Rxe8 Qxe8 29. Nd6 Qe7 30. Nxb7 Qxb7 31. Qe2 g5 32. d6 Kf7 33. Qc4+ Kg6 34. b3
Qf7 35. Nb5 Qxc4 36. bxc4 a5 37. Na7 Kf7 38. Nc6 a4 39. Nd8+ Ke8 40. Nb7 Ne4
41. f3 Nd2 42. Nxc5 Nxc4 43. d7+ Kd8 44. g4 fxg4 45. hxg4 Nxa3 46. Kf2 Nc2 47.
Nxa4 Kxd7 48. Nc5+ Ke7 49. Ke2 Kf6 50. Ne4+ Kg6 51. Ng3 Nb4 52. Nh5 Nd5 53. Kd3
Kh6 54. Kd4 Ne7 55. Ng3 Kg7 56. Kc5 Ng6 57. Nf5+ Kf6 58. Kd6 Ne5 59. Nd4 Nc4+
60. Kd5 Nd2 61. Kd6 Nf1 62. Nc6 Ne3 63. Ne5 Ng2 64. Nd7+ Kf7 65. Ke5 Nf4 66.
Kf5 h6 67. Ne5+ Kg7 68. Nc6 Nd5 69. Nd4 Nf4 70. Ke4 Kg6 71. Nc6 Kg7 72. Ne7 Kf6
73. Nf5 Kg6 74. Ke5 Kh7 75. Ng3 Kh8 76. Nh5 Ng6+ 77. Ke4 Kg8 78. Ng3 Nf4 79.
Nf5 Kh7 80. Nd6 Kg6 81. Nc4 Kf6 82. Ne3 Kg6 83. Ke5 Kg7 84. Kf5 Kh7 85. Kf6 Kg8
86. Nc4 Kh7 87. Ne5 Ne2 88. Nc6 Nf4 89. Nd8 Nd5+ 90. Ke5 Nf4 91. Kf5 Kg7 92.
Nb7 Kf7 93. Nc5 Ke7 94. Ne4 Kf7 95. Nd6+ Kg7 96. Ne8+ Kh7 97. Nf6+ Kg7 98. Ne4
Nd3 99. Ng3 Nf4 100. Nf1 Kf7 101. Nd2 Nd5 102. Nc4 Kg7 103. Ke5 Nf4 104. Kd4 h5
105. gxh5 Nxh5 106. Ne3 Kg6 107. Ke5 Nf4 108. Nc2 Ng2 109. Ke4 Kf6 110. Nb4 Nf4
111. Nc6 Ke6 112. Nd4+ Kf6 113. Nf5 Kf7 114. Kd4 Kf6 115. Ne3 Ke6 116. Ke4 Kf6
117. Ng4+ Kg6 118. Ke5 Ne2 119. Kd5 Kf5 120. Nh6+ Kf4 121. Nf7 Nc3+ 122. Kd6
Ne2 123. Kd5 Nc3+ 124. Kd6 Ne2 125. Kd5 1/2-1/2

[Event "ICS rated blitz match"]
[Site "204.178.125.65"]
[Date "2000.05.27"]
[Round "?"]
[White "QueenMaxima"]
[Black "Hossa"]
[Result "1/2-1/2"]
[WhiteElo "2474"]
[BlackElo "2494"]
[PlyCount "125"]
[EventDate "2000.??.??"]

1. d4 Nf6 2. c4 c5 3. d5 g6 4. Nc3 Bg7 5. e4 d6 6. Bd3 Na6 7. h3 e6 8. Nf3 exd5
9. cxd5 Nb4 10. Be2 O-O 11. a3 Na6 12. Bxa6 bxa6 13. O-O a5 14. e5 dxe5 15.
Nxe5 Nxd5 16. Nxf7 Rxf7 17. Qxd5 Qxd5 18. Nxd5 Bd4 19. Ne3 Rb8 20. Nd1 Re7 21.
Bf4 Rb3 22. Be3 Bf5 23. Re1 Bc2 24. Re2 Bxd1 25. Rxd1 a4 26. Rc2 Bxb2 27. Bxc5
Reb7 28. Rd8+ Kf7 29. Rcd2 Bxa3 30. R8d7+ Rxd7 31. Rxd7+ Ke6 32. Re7+ Kd5 33.
Bxa3 Rxa3 34. Rxh7 Ra1+ 35. Kh2 a3 36. Rxa7 Kc4 37. Kg3 a2 38. Kf4 Kb3 39. Rb7+
Ka3 40. Ra7+ Kb2 41. Rb7+ Kc3 42. Rc7+ Kd2 43. Ra7 Kc2 44. g4 Kb2 45. Rb7+ Kc3
46. Ra7 Kb2 47. Rb7+ Kc3 48. Rc7+ Kb3 49. Rb7+ Ka3 50. Ra7+ Kb4 51. Ra6 Kb3 52.
Rb6+ Kc3 53. Ra6 Kb2 54. Rb6+ Kc1 55. Rc6+ Kb1 56. Kg5 Kb2 57. Rb6+ Kc3 58. Ra6
Kb3 59. Rb6+ Ka3 60. Ra6+ Kb3 61. Rb6+ Ka3 62. Ra6+ Kb3 63. Rb6+ 1/2-1/2

[Event "ICS rated standard match"]
[Site "204.178.125.65"]
[Date "2000.05.27"]
[Round "?"]
[White "Amateur"]
[Black "Hossa"]
[Result "1/2-1/2"]
[WhiteElo "2315"]
[BlackElo "2333"]
[PlyCount "282"]
[EventDate "2000.??.??"]

1. Nf3 Nf6 2. c4 g6 3. g3 Bg7 4. Bg2 O-O 5. O-O c5 6. d4 cxd4 7. Qxd4 Nc6 8.
Qh4 d6 9. Nc3 Ng4 10. h3 Nge5 11. Nxe5 Nxe5 12. Bg5 f6 13. Be3 g5 14. Qd4 f5
15. Qd2 e6 16. Bxg5 Nxc4 17. Qf4 Qc7 18. Nd5 exd5 19. Bxd5+ Kh8 20. Rac1 Qb6
21. Rxc4 Qxb2 22. Qxd6 Qe5 23. Qxe5 Bxe5 24. Rc5 Bd6 25. Rb5 f4 26. gxf4 Bxh3
27. Rxb7 h6 28. Rd1 hxg5 29. Rb3 Rad8 30. Rxh3+ Kg7 31. fxg5 Rf5 32. e4 Rxg5+
33. Kf1 Be5 34. Rb1 Rd7 35. Be6 Re7 36. Bf5 Kf8 37. Rb5 Ke8 38. Rh4 Bf6 39.
Rb8+ Kf7 40. Rh7+ Bg7 41. f4 Rg3 42. Rb3 Rxb3 43. axb3 Rc7 44. e5 Rc3 45. Be4
Kg8 46. Rh5 Kf8 47. Rf5+ Ke8 48. e6 Rc7 49. Ra5 Bc3 50. Bg6+ Ke7 51. Ra6 Bd4
52. f5 Rc3 53. Ra4 Bc5 54. Ra5 Bb6 55. Rb5 Kf6 56. Kg2 Rc5 57. Rxc5 Bxc5 58.
Kf3 Ke5 59. Kg4 a5 60. Kg5 Be7+ 61. Kg4 Bb4 62. Kh5 Kf6 63. Kh6 Be7 64. Kh5 Bb4
65. Kg4 Ke5 66. Kg5 Be7+ 67. Kh5 Kf6 68. Kg4 Bd6 69. Bh5 Bc7 70. Kf3 Ke7 71.
Ke4 Kd6 72. Kf4 Bd8 73. Bf7 Bf6 74. Be8 Ke7 75. Bd7 Kf8 76. Bc6 Ke7 77. Kg4 Kf8
78. Bd7 Kg7 79. Kf4 Kf8 80. Bb5 Ke7 81. Bc6 Kd6 82. Bd7 Be7 83. Be8 Kd5 84. Bd7
Kd6 85. Ba4 Bf6 86. Be8 Ke7 87. Ba4 Kd6 88. Bb5 Ke7 89. Kg4 Kf8 90. Bd7 Kg7 91.
Kf3 Be7 92. Ke4 Kf6 93. Be8 Bf8 94. Bg6 Bb4 95. Kd5 Ke7 96. Kc6 Bd2 97. Kb7 Be3
98. Kc6 Bd2 99. Kc7 Bb4 100. Kb6 Bc3 101. Kb7 Be5 102. Kb6 Bc3 103. Kb5 Bb4
104. Ka6 Bc3 105. Bh5 Kf6 106. Bg6 Ke7 107. f6+ Kxe6 108. f7 Bb4 109. f8=Q Bxf8
110. Kxa5 Kf6 111. Bd3 Kg5 112. Kb5 Kh5 113. Be4 Kh6 114. Bf3 Kh7 115. Be4+ Kh8
116. Kc4 Kg8 117. Bc6 Kh8 118. Bf3 Kg8 119. Kb5 Kh8 120. Be4 Kg8 121. Bd5+ Kh8
122. Bg2 Kg8 123. Be4 Kh8 124. Bb7 Kg8 125. Bg2 Kh8 126. Bc6 Kg8 127. Be8 Kh8
128. Kc4 Kg8 129. Bh5 Kh8 130. Bf3 Kg8 131. Bd5+ Kh8 132. Kb5 Kg7 133. Kc4 Kh7
134. Kb5 Kh8 135. Bg2 Kg8 136. Bc6 Kh8 137. Bf3 Kg8 138. Bd5+ Kh8 139. Bc6 Kg8
140. Kc4 Kh8 141. Bf3 Kg8 1/2-1/2

[Event "ICS Rated standard match"]
[Site "204.178.125.65"]
[Date "2000.05.27"]
[Round "?"]
[White "Hossa"]
[Black "Chaos23"]
[Result "0-1"]
[WhiteElo "2332"]
[BlackElo "2168"]
[PlyCount "140"]
[EventDate "2000.??.??"]

1. e4 d5 2. exd5 Nf6 3. d4 Bg4 4. Nf3 Qxd5 5. Nc3 Qd7 6. Bb5 c6 7. Be2 Qc7 8.
g3 e6 9. h3 Bh5 10. Bf4 Bd6 11. Bxd6 Qxd6 12. g4 Bg6 13. h4 Nxg4 14. Nd2 Nf6
15. Nc4 Qf4 16. h5 Be4 17. Rg1 g6 18. Qd2 Qxd2+ 19. Kxd2 Ke7 20. hxg6 hxg6 21.
f3 Bf5 22. Rad1 Nbd7 23. Ne3 Rh2 24. Nf1 Rh4 25. Kc1 Nb6 26. Ne3 Rd8 27. Ng4
Bxg4 28. fxg4 Nbd5 29. Nxd5+ Rxd5 30. Rd3 Rg5 31. Ra3 a6 32. Rag3 e5 33. Rb3 b5
34. Rc3 Kd6 35. Rf3 Ke6 36. Rc3 Kd6 37. Rf3 Ke7 38. Rc3 exd4 39. Rxc6 Nxg4 40.
Rxa6 f6 41. Rb6 Ne5 42. Rxg5 fxg5 43. Rxb5 Kf6 44. Kd2 g4 45. Rb6+ Kf5 46. Bd3+
Nxd3 47. Kxd3 g3 48. Ke2 Rf4 49. Rb3 Kg4 50. Rd3 g2 51. Rd1 Kg3 52. Rg1 Kh2 53.
Rd1 g1=Q 54. Rxg1 Kxg1 55. b4 d3+ 56. Kxd3 Rxb4 57. Kc3 Rb1 58. Kc4 Kf2 59. Kd4
g5 60. c4 g4 61. Kd5 g3 62. a3 g2 63. c5 g1=Q 64. Ke6 Kf3 65. c6 Qd4 66. Kf7
Rb6 67. a4 Rxc6 68. Ke7 Qd6+ 69. Ke8 Rc7 70. a5 Qe7# {Hossa checkmated} 0-1

[Event "ICS rated standard match"]
[Site "204.178.125.65"]
[Date "2000.05.28"]
[Round "?"]
[White "BigIgal"]
[Black "Hossa"]
[Result "0-1"]
[WhiteElo "2000"]
[BlackElo "2309"]
[PlyCount "31"]
[EventDate "2000.??.??"]

1. e4 c6 2. d4 d5 3. exd5 cxd5 4. Nf3 Nf6 5. c4 Nc6 6. cxd5 Nxd5 7. Nc3 e6 8.
Bc4 Be7 9. O-O Nb6 10. Bb3 O-O 11. Bf4 Nb4 12. a3 N4d5 13. Bg3 Bd7 14. Rc1 Nxc3
15. bxc3 Bxa3 16. Ra1 {BigIgal resigns} 0-1

[Event "ICS rated blitz match"]
[Site "204.178.125.65"]
[Date "2000.05.28"]
[Round "?"]
[White "Hossa"]
[Black "SpeedyPC"]
[Result "0-1"]
[WhiteElo "2493"]
[BlackElo "2441"]
[PlyCount "160"]
[EventDate "2000.??.??"]

1. e4 e6 2. Nc3 c5 3. Nf3 d6 4. Bc4 Nf6 5. d3 Be7 6. Bb5+ Bd7 7. a4 a6 8. Bxd7+
Qxd7 9. e5 Nd5 10. Nxd5 exd5 11. exd6 Qxd6 12. O-O Nc6 13. d4 c4 14. g3 O-O 15.
c3 Qf6 16. Bg5 Qf5 17. Bxe7 Nxe7 18. Re1 Rae8 19. Re5 Qd7 20. b3 f6 21. Re2
cxb3 22. Qxb3 Nc6 23. Rxe8 Rxe8 24. Rb1 Re7 25. Nd2 Qf5 26. Rf1 Kf7 27. f4 g6
28. Qb2 Qd3 29. f5 gxf5 30. Rf2 Kf8 31. Nf1 Kg7 32. h3 h5 33. Rd2 Qe4 34. Rf2
Kh7 35. Qd2 Kg6 36. Qd1 Na5 37. Rf4 Qe6 38. Qb1 Nc4 39. g4 hxg4 40. hxg4 Nd6
41. Rf2 Qe4 42. Qb4 Rd7 43. gxf5+ Nxf5 44. Qf8 Rf7 45. Qb8 Kh7 46. Rg2 Nh6 47.
Qh2 f5 48. a5 f4 49. Rg5 f3 50. Qf2 Rf5 51. Rxf5 Qxf5 52. Qg3 Ng4 53. Qc7+ Kh6
54. Qxb7 Qg5 55. Qxa6+ Kh5 56. Qb5 Nf6+ 57. Kf2 Ne4+ 58. Kxf3 Qg4+ 59. Ke3 Qg1+
60. Kf4 Qf2+ 61. Ke5 Qf6+ 62. Kxd5 Nxc3+ 63. Kc4+ Nxb5 64. Ng3+ Kg4 65. Kxb5
Kxg3 66. Kc4 Qa6+ 67. Kb4 Qc6 68. Kb3 Qb5+ 69. Kc3 Qxa5+ 70. Kc4 Kf4 71. d5 Ke5
72. d6 Qd5+ 73. Kc3 Qd4+ 74. Kb3 Qd3+ 75. Ka2 Qc2+ 76. Ka3 Qc3+ 77. Ka2 Kd4 78.
Kb1 Qb3+ 79. Kc1 Kd3 80. d7 Qc2# {Hossa checkmated} 0-1

[Event "ICS rated standard match"]
[Site "204.178.125.65"]
[Date "2000.05.28"]
[Round "?"]
[White "Hossa"]
[Black "Amateur"]
[Result "0-1"]
[WhiteElo "2309"]
[BlackElo "2316"]
[PlyCount "120"]
[EventDate "2000.??.??"]

1. e4 c5 2. Nc3 Nc6 3. g3 g6 4. d3 Bg7 5. f4 d6 6. Nf3 Bg4 7. Be2 Nf6 8. h3 Bd7
9. g4 O-O 10. f5 Qa5 11. Bd2 Qb4 12. Rb1 Qb6 13. g5 Nh5 14. Nd5 Qd8 15. f6 exf6
16. gxf6 Nxf6 17. Nf4 Ne5 18. h4 Re8 19. O-O Nxf3+ 20. Bxf3 c4 21. Bc3 Qb6+ 22.
Rf2 Rac8 23. Qf1 cxd3 24. cxd3 Bh6 25. Ne2 Ng4 26. Bd4 Qd8 27. Bxg4 Bxg4 28.
Bf6 Qb6 29. Kh2 Rc2 30. Nd4 Rxf2+ 31. Qxf2 d5 32. Re1 Bf5 33. Rg1 Qxf6 34. Nxf5
Kh8 35. Qd4 Qxd4 36. Nxd4 Be3 37. exd5 Bxd4 38. Rg4 Bxb2 39. Ra4 Re2+ 40. Kg3
Re3+ 41. Kg2 a6 42. Rb4 Bf6 43. Rxb7 Kg7 44. Rb3 Bxh4 45. d6 g5 46. Ra3 f5 47.
Rxa6 Rxd3 48. Kf1 Rd2 49. Ra7+ Kg6 50. d7 g4 51. a4 g3 52. Rb7 f4 53. Rb6+ Kh5
54. Rb3 Kg4 55. Rb1 g2+ 56. Kg1 f3 57. Rb4+ Kg3 58. Rg4+ Kxg4 59. d8=Q Bf2+ 60.
Kh2 g1=Q# {Hossa checkmate} 0-1

[Event "ICS rated standard match"]
[Site "204.178.125.65"]
[Date "2000.05.28"]
[Round "?"]
[White "Amateur"]
[Black "Hossa"]
[Result "1/2-1/2"]
[WhiteElo "2332"]
[BlackElo "2315"]
[PlyCount "59"]
[EventDate "2000.??.??"]

1. c4 e6 2. Nc3 d5 3. d4 Nf6 4. Nf3 Be7 5. Bf4 Nh5 6. Bd2 O-O 7. e3 Nf6 8. Be2
dxc4 9. O-O c5 10. dxc5 Bxc5 11. Bxc4 Nc6 12. Rc1 e5 13. Bb5 Bg4 14. Na4 Be7
15. Bc3 Qxd1 16. Rfxd1 e4 17. h3 Bh5 18. Bxc6 bxc6 19. Bxf6 Bxf6 20. g4 Bxg4
21. hxg4 exf3 22. Rxc6 Rad8 23. Rdc1 Rd2 24. R6c2 Rxc2 25. Rxc2 Rd8 26. Rc5 Be7
27. Rc1 Bf6 28. Rc5 Be7 29. Rc1 Bf6 30. Rc5 1/2-1/2

[Event "ICS rated standard match"]
[Site "204.178.125.65"]
[Date "2000.05.28"]
[Round "?"]
[White "Hossa"]
[Black "star"]
[Result "0-1"]
[WhiteElo "2316"]
[BlackElo "2571"]
[PlyCount "106"]
[EventDate "2000.??.??"]

1. e4 e5 2. d4 exd4 3. Nf3 Nc6 4. Nxd4 Nf6 5. Nxc6 bxc6 6. Bd3 d5 7. Nc3 Bc5 8.
exd5 O-O 9. dxc6 Ng4 10. Ne4 Re8 11. O-O Rxe4 12. Bxe4 Qh4 13. Bf4 Nxf2 14.
Bxh7+ Kxh7 15. Qd5 Bb6 16. Qf3 Bg4 17. Qb3 Be6 18. Qf3 g5 19. Rxf2 Qxf4 20.
Qxf4 gxf4 21. Rd1 Re8 22. h3 Bxa2 23. Rdd2 Bd5 24. Rxd5 Re1+ 25. Kh2 Bxf2 26.
h4 Bg3+ 27. Kh3 Rh1+ 28. Kg4 Rxh4+ 29. Kf3 Rh6 30. Rc5 Re6 31. Ra5 Kg6 32. Ra3
f5 33. b4 Rxc6 34. c3 Re6 35. c4 Re4 36. b5 Rxc4 37. Ke2 Rc2+ 38. Kf1 Rf2+ 39.
Kg1 Re2 40. Ra1 Bf2+ 41. Kf1 Rb2 42. Ra4 Kg5 43. Ra3 Be3 44. Rd3 Kg4 45. Ra3 f3
46. Rxe3 fxg2+ 47. Kg1 f4 48. Rc3 f3 49. Kh2 Rb1 50. Rc4+ Kf5 51. Rc2 g1=Q+ 52.
Kh3 Qg4+ 53. Kh2 Qh4# {Hossa checkmated} 0-1

[Event "ICS rated standard match"]
[Site "204.178.125.65"]
[Date "2000.05.28"]
[Round "?"]
[White "Hossa"]
[Black "harimau"]
[Result "0-1"]
[WhiteElo "2310"]
[BlackElo "2684"]
[PlyCount "82"]
[EventDate "2000.??.??"]

1. e4 e5 2. d4 exd4 3. Nf3 Nc6 4. Bc4 Bc5 5. c3 Nf6 6. e5 d5 7. exf6 dxc4 8.
fxg7 Rg8 9. O-O d3 10. Bg5 f6 11. Re1+ Kf7 12. Bh6 Qd5 13. Nh4 Bd7 14. b4 Bd6
15. a4 Rae8 16. Rxe8 Rxe8 17. Nd2 Ne7 18. Nf1 Qe5 19. Rc1 Nd5 20. Nf3 Qe4 21.
Ng3 Qg6 22. Qd2 Bxg3 23. fxg3 Re2 24. Rf1 Kg8 25. Nh4 Qh5 26. Qc1 Rc2 27. Qe1
Qxh6 28. Nf3 Re2 29. Qa1 Ne3 30. Rf2 Rxf2 31. Kxf2 d2 32. Ke2 Nd5 33. Kf1 Bg4
34. h4 Bxf3 35. gxf3 Qe3 36. Kg2 Qe2+ 37. Kh3 Ne3 38. Qg1 d1=Q 39. Qxe3 Qxe3
40. f4 Qef3 41. a5 Qdh1# {Hossa checkmated} 0-1